|
|
|
|
| LEADER |
00000nam0a2200000 4500 |
| 001 |
159512 |
| 005 |
20231101222121.0 |
| 010 |
|
|
|a 9785222140758
|
| 035 |
|
|
|a (RuTPU)RU\TPU\book\173018
|
| 090 |
|
|
|a 159512
|
| 100 |
|
|
|a 20090512d2009 m y0rusy50 ca
|
| 101 |
0 |
|
|a rus
|
| 102 |
|
|
|a RU
|
| 105 |
|
|
|a a j 001zy
|
| 200 |
1 |
|
|a Проектирование информационных систем
|e учебное пособие
|f Т. В. Гвоздева, Б. А. Баллод
|
| 210 |
|
|
|a Ростов-на-Дону
|c Феникс
|d 2009
|
| 215 |
|
|
|a 509 с.
|c ил.
|
| 225 |
1 |
|
|a Высшее образование
|
| 320 |
|
|
|a Библиогр.: с. 497-503.
|
| 330 |
|
|
|a В учебном пособии представлены этапы разработки информационной системы в соответствии с ГОСТами; различные подходы к проектированию информационных систем; современные технологии и методологии проектирования; методы и средства проектирования систем; характеристика применяемых технологий проектирования; методики планирования и управления проектами на каждой стадии проектирования; CASE-технологии автоматизированного проектирования; архитектуры информационных систем. Рассмотрены практические примеры используемых методологий в средах BPwin, ERwin, Ration Rose и MS Project. Предназначено для студентов специальности «Прикладная информатика», изучающих одноименную дисциплину. Может быть полезно специалистам, занимающимся проектированием и эксплуатацией информационных систем.
|
| 606 |
1 |
|
|a Информационные системы
|x Проектирование
|2 stltpush
|3 (RuTPU)RU\TPU\subj\12945
|9 39643
|
| 610 |
1 |
|
|a CASE-технологии
|
| 610 |
1 |
|
|a программное обеспечение
|
| 610 |
1 |
|
|a жизненный цикл
|
| 610 |
1 |
|
|a информационное обеспечение
|
| 610 |
1 |
|
|a информационные проекты
|
| 610 |
1 |
|
|a планирование
|
| 610 |
1 |
|
|a управление
|
| 610 |
1 |
|
|a технология
|
| 610 |
1 |
|
|a автоматизация
|
| 610 |
1 |
|
|a математические аспекты
|
| 610 |
1 |
|
|a программные системы
|
| 610 |
1 |
|
|a архитектура
|
| 610 |
1 |
|
|a учебные пособия
|
| 675 |
|
|
|a 621.391.001(075.8)
|v 3
|
| 700 |
|
1 |
|a Гвоздева
|b Т. В.
|g Татьяна Вадимовна
|
| 701 |
|
1 |
|a Баллод
|b Б. А.
|g Борис Анатольевич
|
| 801 |
|
1 |
|a RU
|b 63413507
|c 20090512
|g PSBO
|
| 801 |
|
2 |
|a RU
|b 63413507
|c 20150619
|g RCR
|
| 900 |
|
|
|a Проектирование информационных систем
|
| 900 |
|
|
|a Прикладная информатика
|
| 942 |
|
|
|c BK
|
| 951 |
|
|
|b 080800
|
| 959 |
|
|
|a 58/20090508
|d 1
|e 223,40
|f ЧЗТЛ:1
|
| 959 |
|
|
|a 89/20090907
|d 2
|e 244,80
|f АНЛ:1
|f ЧЗТЛ:1
|